<?xml version="1.0" encoding="UTF-8"?>
<collection xmlns="http://www.loc.gov/MARC21/slim">
<record>
  <controlfield tag="001">129487</controlfield>
  <controlfield tag="005">20250210083428.0</controlfield>
  <datafield tag="024" ind1="7" ind2=" ">
    <subfield code="2">doi</subfield>
    <subfield code="a">10.26754/ojs_ais/accionesinvestigsoc.2023448992</subfield>
  </datafield>
  <datafield tag="024" ind1="8" ind2=" ">
    <subfield code="2">sideral</subfield>
    <subfield code="a">135745</subfield>
  </datafield>
  <datafield tag="037" ind1=" " ind2=" ">
    <subfield code="a">ART-2023-135745</subfield>
  </datafield>
  <datafield tag="041" ind1=" " ind2=" ">
    <subfield code="a">eng</subfield>
  </datafield>
  <datafield tag="100" ind1=" " ind2=" ">
    <subfield code="a">Méndez López, Fátima</subfield>
    <subfield code="u">Universidad de Zaragoza</subfield>
    <subfield code="0">(orcid)0000-0002-6409-9041</subfield>
  </datafield>
  <datafield tag="245" ind1=" " ind2=" ">
    <subfield code="a">Relación entre el enfoque inductivo o deductivo del aprendizaje basado en casos en el rendimiento académico, la autoeficacia y la satisfacción de los estudiantes de trabajo social</subfield>
  </datafield>
  <datafield tag="260" ind1=" " ind2=" ">
    <subfield code="c">2023</subfield>
  </datafield>
  <datafield tag="506" ind1="0" ind2=" ">
    <subfield code="a">Access copy available to the general public</subfield>
    <subfield code="f">Unrestricted</subfield>
  </datafield>
  <datafield tag="520" ind1="3" ind2=" ">
    <subfield code="a">Introducción: La metodología docente del Aprendizaje Basado en Casos (ABC) es una metodología de aprendizaje activo que genera un mayor nivel de participación de los estudiantes y aprendizajes significativos. El objetivo del presente estudio fue analizar y comparar una actividad de ABC utilizando un razonamiento deductivo (analizar y extraer conceptos teóricos en un caso proporcionado) frente a una actividad de ABC utilizando un razonamiento inductivo (crear un caso introduciendo de forma implícita conceptos teóricos) respecto al rendimiento académico y satisfacción de los estudiantes, así como analizar la relación con la percepción de autoeficacia.
Metodología: Se desarrolló un estudio descriptivo transversal. 111 alumnos realizaron ambas actividades ABC (deductivo e inductivo). Ambas actividades de aprendizaje versaron sobre con contenidos teóricos de psicología de grupos. Las variables recogidas fueron: puntuación de la actividad, satisfacción con cada actividad, calificación del examen teórico y percepción de autoeficacia. Se realizó un análisis descriptivo, correlacional y comparativo mediante T-Student de muestras relacionadas.
Resultados: Las calificaciones de la actividad ABC inductiva fueron significativamente más elevadas frente a las calificaciones de la actividad ABC deductiva (p=0,042). El nivel de satisfacción de los alumnos en el ítem de ayuda a pensar críticamente fue evaluado más favorablemente en la actividad de ABC deductivo (p=0,029). La relación entre la calificación de la actividad de ABC inductiva y la calificación obtenida en el examen teórico fue significativa. No hubo correlación de ninguna de las actividades con la autoeficacia percibida de los estudiantes.
Conclusiones: La actividad de ABC con un razonamiento inductivo es más efectivas para lograr el rendimiento académico y la satisfacción con las actividades evaluadas por parte de los estudiantes es alta.</subfield>
  </datafield>
  <datafield tag="536" ind1=" " ind2=" ">
    <subfield code="9">info:eu-repo/grantAgreement/ES/DGA/B21-23R-GAIAP</subfield>
  </datafield>
  <datafield tag="540" ind1=" " ind2=" ">
    <subfield code="9">info:eu-repo/semantics/openAccess</subfield>
    <subfield code="a">by</subfield>
    <subfield code="u">http://creativecommons.org/licenses/by/3.0/es/</subfield>
  </datafield>
  <datafield tag="655" ind1=" " ind2="4">
    <subfield code="a">info:eu-repo/semantics/article</subfield>
    <subfield code="v">info:eu-repo/semantics/publishedVersion</subfield>
  </datafield>
  <datafield tag="700" ind1=" " ind2=" ">
    <subfield code="a">Camarero-Grados, Loreto</subfield>
    <subfield code="0">(orcid)0009-0009-0106-7673</subfield>
  </datafield>
  <datafield tag="700" ind1=" " ind2=" ">
    <subfield code="a">Moleras-Serra, Anna</subfield>
  </datafield>
  <datafield tag="700" ind1=" " ind2=" ">
    <subfield code="a">Heah, Rachel</subfield>
  </datafield>
  <datafield tag="700" ind1=" " ind2=" ">
    <subfield code="a">Porroche Escudero, Ana</subfield>
  </datafield>
  <datafield tag="700" ind1=" " ind2=" ">
    <subfield code="a">Sánchez-Arizcuren, Rafael</subfield>
    <subfield code="u">Universidad de Zaragoza</subfield>
    <subfield code="0">(orcid)0000-0001-8176-3306</subfield>
  </datafield>
  <datafield tag="710" ind1="2" ind2=" ">
    <subfield code="1">1006</subfield>
    <subfield code="2">255</subfield>
    <subfield code="a">Universidad de Zaragoza</subfield>
    <subfield code="b">Dpto. Fisiatría y Enfermería</subfield>
    <subfield code="c">Área Enfermería</subfield>
  </datafield>
  <datafield tag="710" ind1="2" ind2=" ">
    <subfield code="1">1006</subfield>
    <subfield code="2">413</subfield>
    <subfield code="a">Universidad de Zaragoza</subfield>
    <subfield code="b">Dpto. Fisiatría y Enfermería</subfield>
    <subfield code="c">Área Fisioterapia</subfield>
  </datafield>
  <datafield tag="773" ind1=" " ind2=" ">
    <subfield code="g">44 (2023), 90-103</subfield>
    <subfield code="p">Acciones investig. soc.</subfield>
    <subfield code="t">Acciones e investigaciones sociales</subfield>
    <subfield code="x">1132-192X</subfield>
  </datafield>
  <datafield tag="856" ind1="4" ind2=" ">
    <subfield code="s">789803</subfield>
    <subfield code="u">http://zaguan.unizar.es/record/129487/files/texto_completo.pdf</subfield>
    <subfield code="y">Versión publicada</subfield>
  </datafield>
  <datafield tag="856" ind1="4" ind2=" ">
    <subfield code="s">1704389</subfield>
    <subfield code="u">http://zaguan.unizar.es/record/129487/files/texto_completo.jpg?subformat=icon</subfield>
    <subfield code="x">icon</subfield>
    <subfield code="y">Versión publicada</subfield>
  </datafield>
  <datafield tag="909" ind1="C" ind2="O">
    <subfield code="o">oai:zaguan.unizar.es:129487</subfield>
    <subfield code="p">articulos</subfield>
    <subfield code="p">driver</subfield>
  </datafield>
  <datafield tag="951" ind1=" " ind2=" ">
    <subfield code="a">2025-02-10-08:31:19</subfield>
  </datafield>
  <datafield tag="980" ind1=" " ind2=" ">
    <subfield code="a">ARTICLE</subfield>
  </datafield>
</record>
</collection>